Curso Completo de Banda Desenhada (Registo nº 200424)
[ vista simples ]
| 000 -Etiqueta do registo | |
|---|---|
| Valores | 00741nam 22002413 4500 |
| 010 ## - Número ISBN | |
| ISBN | 972-576-214-2 |
| 021 ## - Número do Depósito Legal | |
| Código do país | Portugal |
| Número | 169300/01 |
| 100 ## - Dados gerais de processamento | |
| Dados gerais | 20260205d u||y0pory50 ba |
| 200 ## - Titulo e menção de responsabilidade | |
| Título próprio | Curso Completo de Banda Desenhada |
| Informação de outro título | princípios , práticas e técnicas: guia fundamental para Banda Desenhada |
| Primeira menção de responsabilidade | Steve Edgell, Bradi Brooks, Tim Pilcher |
| 205 ## - Menção da edição | |
| Edição | 1ª |
| 210 ## - Publicação | |
| Local de publicação | Lisboa |
| Nome do editor | Dinalivro |
| Data de publicação | 2002 |
| 215 ## - Descrição física | |
| Paginação / Volumes | 160 p. |
| Outras indicações físicas | il. ; brochado |
| Dimensões | 22 cm |
| 606 ## - Nome comum usado como assunto | |
| ID Autoridade | 1586 |
| Palavra de ordem | Desenho Artístico |
| 610 ## - Termos não controlados | |
| Palavra de ordem | Banda Desenhada |
| 675 ## - CDU | |
| Notação | 74 |
| Edição | PT |
| Língua | por |
| 700 ## - Autor principal (pessoa individual) | |
| ID Autoridade | 16226 |
| Apelido | Edgell |
| Nome | Steve |
| 701 ## - Co-autor principal (pessoa individual) | |
| ID Autoridade | 16227 |
| Apelido | Brooks |
| Nome | Bradi |
| 701 ## - Co-autor principal (pessoa individual) | |
| ID Autoridade | 16229 |
| Apelido | Pilcher |
| Nome | Tim |
| 801 ## - Fonte de origem | |
| País | PT |
| Agência | BMMN |
| Regras de catalogação | RPC |
| 830 ## - Notas gerais do catalogador | |
| Criado por | Isabel |
| 990 ## - Elementos KOHA | |
| Tipo de documento | Livro |
| Situação do levantamento | Biblioteca de origem | Código de barras | Cota | Permissão de empréstimo | Tipo de documento | Forma de aquisição |
|---|---|---|---|---|---|---|
| Biblioteca Municipal de Montemor-o-Novo | 29588 | 74 EDG|LG | Livro | Oferta |